• 首页
  • 本馆介绍
  • 公告通知
  • 最新文献
  • 馆藏检索
  • 电子资源
  • 读者荐购
  • 参考咨询
  • CALIS
  • 我的图书馆
  • 登录
  • 详细信息显示
  • 放入我的书架
  • 预约/预借图书
  • 作者相关作品
  • 分类相关作品
  • 丛书相关作品
  • 出版社相关作品

书目信息

  • 表格格式
  • 工作单格式
  • 卡片格式
题名:
中国共产党如何治理国家
    
 
作者: 谢春涛 主编
分册:  
出版信息: 北京   新世界出版社  2012.10
页数: 282页
开本: 20cm
丛书名:
单 册:
中图分类: D63
科图分类:
主题词: 政治--中国
电子资源:
ISBN: 7-5104-3430-0
 
 
 
 
 
000 00572nam0 2200193 450
001 1833359889
005 20180615091749.84
010    @a7-5104-3430-0@dCNY40.00
100    @a20180615d2012 km y0chiy0120 ea
101 0  @achi
102    @aCN@b110000
200 1  @a中国共产党如何治理国家@Azhong guo gong chan dang ru he zhi li guo jia@f谢春涛主编@Fxie chun tao zhu bian
210    @a北京@c新世界出版社@d2012.10
215    @a282页@d20cm
606 0  @a政治@x中国
690    @aD63@v4
701  0 @a谢春涛@Axie chun tao@4主编
801  0 @aCN@bMUSE@c20180615
905    @aMUSE@dD63@eX426
    
    中国共产党如何治理国家/谢春涛主编.-北京:新世界出版社,2012.10
    282页;20cm
    
    
    ISBN 7-5104-3430-0:CNY40.00
    
●
相关链接 在E读中查询图书 在当当中查询图书 在豆瓣中查询图书


正题名:中国共产党如何治理国家     索取号:D63/X426         预约/预借

序号 登录号 条形码 馆藏地/架位号 状态 备注
1 1302155   213021558   社科库509/ [索取号:D63/X426] 在馆    
河南城建学院图书馆 欢迎您!
大连网信软件有限公司© 版权所有